Invertir en el futuro: definir las prioridades educacionales en el mundo en desarrollo

Enregistré dans:
Détails bibliographiques
Auteur principal: Hallak, Jacques (Auteur)
Format: Livre
Langue:espagnol
Publié: Madrid Tecnos 1991
Édition:1a. ed
Collection:Colección de Ciencias Sociales. Semilla y Surco. Serie de Sociología
Sujets:
Tags: Ajouter un tag
Pas de tags, Soyez le premier à ajouter un tag!

MARC

LEADER 00000nam a2200000 a 4500
001 UCW7305
003 CL-VaPUC
008 921023e19910000SP |||||||||||||||||spa|d
020 |a 8430920862 
082 0 4 |a 371.207  |b HAL  |2 21 
100 0 |a Hallak, Jacques  |e author  |9 312460 
245 1 0 |a Invertir en el futuro: definir las prioridades educacionales en el mundo en desarrollo 
250 |a 1a. ed 
300 |a 268 p 
942 |c BK 
945 |d 19921023 00:00:00 
260 |a Madrid  |b Tecnos  |c 1991 
650 0 |a Planificación de la educación   |9 307333 
650 0 |a Innovaciones pedagógicas  |9 307471 
583 |a last modification  |c 19921023 00:00:00  |k Rodrigo Vera 
490 0 |a Colección de Ciencias Sociales. Semilla y Surco. Serie de Sociología 
999 |c 220108  |d 220106 
952 |0 0  |1 0  |4 0  |6 371_207000000000000_HAL_1991  |7 0  |8 A  |9 211900  |a BIBEDU  |b BIBEDU  |d 2019-11-15  |i 2801310  |o 371.207 HAL 1991  |p 2801310  |r 2019-11-15  |w 2019-11-15  |y BK  |k EDU 
952 |0 0  |1 0  |4 0  |6 371_207000000000000_HAL_1991  |7 0  |8 A  |9 211901  |a BIBEDU  |b BIBEDU  |d 2019-11-15  |i 3440486  |o 371.207 HAL 1991  |p 3440486  |r 2019-11-15  |w 2019-11-15  |y BK  |k BME 
952 |0 0  |1 0  |4 0  |6 371_207000000000000_HAL_1991  |7 0  |8 A  |9 211902  |a BIBEDU  |b BIBEDU  |d 2019-11-15  |i 4595092  |o 371.207 HAL 1991  |p 4595092  |r 2019-11-15  |w 2019-11-15  |y BK  |k BME